000 00549nam a2200205Ia 4500
005 20250923145825.0
008 008 250917s9999 xx 000 0 eng d
037 _aTextual
040 _aDSWL
_beng
_cDSWL
041 _aeng
_2eng
084 _aXx2,N47, N88.1
_qDSWL
245 0 _aIndian economy since independence
_cEd. by Uma Kapila
260 _aDelhi
_bSynapse
_c1988
300 _a530p.
365 _aINR
_b200.00
490 _vVol. 1
925 _g200.00
942 _cTEXL
_hXx2,N47, N88.1
999 _c1456129
_d1456129